00884nam a2200253 i 4500001000300000100002400003245010400027260003200131300003600163490006500199504001200264650001100276655001800287830006100305020001500366040000800381041000700389080002200396942000700418008004100425999001700466856009800483952004900581bg1 aMARCINIAK, Andrzej.10aBorland Pascal 7.0 z elementami programowania.nCz.1b,pJęzyk programowania /cAndrzej Marciniak. aPoznań :b"Nakom",c1994. aXV, s. 307-938 :bil. ;c24 cm.1 aBiblioteka Użytkownika Mikrokomputerów,x0867-6011 ;v16 aIndeks. 9aPASCAL aPodręczniki aBiblioteka Użytkownika Mikrokomputerów,x0867-6011 ; a8385060537 cBPK0 apl a004.438(07)Pascal cKS s pl f |000 0 pol  c39499d39499 uhttp://koha.tu.koszalin.pl/cgi-bin/koha/opac-detail.pl?biblionumber=39499yKatalog online BPK 00104070aBPKbBPKcwo58926p01554410yKS